[Event "Russian Rapid Championship (w)"]
[Site "Sochi"]
[Date "2022.10.15"]
[Round "1.8"]
[White "Guseva, Marina"]
[Black "Lukina, Aleksandra"]
[Result "1-0"]
[BlackElo "1942"]
[WhiteElo "2273"]
[LiveChessVersion "1.4.8"]

1. d4 {[%clk 0:15:18]} d5 {[%clk 0:15:20]} 2. c4 {[%clk 0:15:26]} e6
{[%clk 0:15:29]} 3. Nc3 {[%clk 0:15:35]} Nf6 {[%clk 0:15:38]} 4. cxd5
{[%clk 0:15:44]} exd5 {[%clk 0:15:47]} 5. Bg5 {[%clk 0:15:52]} c6
{[%clk 0:15:57]} 6. e3 {[%clk 0:16:00]} h6 {[%clk 0:16:03]} 7. Bh4
{[%clk 0:16:09]} Be7 {[%clk 0:16:12]} 8. Bd3 {[%clk 0:16:17]} O-O
{[%clk 0:16:16]} 9. Qc2 {[%clk 0:16:26]} Re8 {[%clk 0:16:17]} 10. Nge2
{[%clk 0:16:34]} a5 {[%clk 0:16:26]} 11. O-O {[%clk 0:16:27]} Na6
{[%clk 0:16:35]} 12. a3 {[%clk 0:16:30]} Nc7 {[%clk 0:16:44]} 13. Kh1
{[%clk 0:16:26]} Ne4 {[%clk 0:15:53]} 14. Bxe7 {[%clk 0:15:33]} Qxe7
{[%clk 0:16:02]} 15. Bxe4 {[%clk 0:15:24]} dxe4 {[%clk 0:16:09]} 16. Ng3
{[%clk 0:15:32]} f5 {[%clk 0:16:02]} 17. f3 {[%clk 0:14:41]} Nd5 {[%clk 0:15:21]}
18. Nxd5 {[%clk 0:13:02]} cxd5 {[%clk 0:15:29]} 19. fxe4 {[%clk 0:13:03]} fxe4
{[%clk 0:15:33]} 20. Ne2 {[%clk 0:08:51]} Be6 {[%clk 0:13:22]} 21. Nc3
{[%clk 0:08:54]} Rf8 {[%clk 0:12:42]} 22. Qe2 {[%clk 0:09:01]} Qg5
{[%clk 0:11:51]} 23. Kg1 {[%clk 0:07:53]} Bg4 {[%clk 0:11:35]} 24. Qd2
{[%clk 0:07:58]} h5 {[%clk 0:08:55]} 25. Rxf8+ {[%clk 0:07:50]} Rxf8
{[%clk 0:09:03]} 26. Rf1 {[%clk 0:07:57]} Rxf1+ {[%clk 0:07:21]} 27. Kxf1
{[%clk 0:08:05]} h4 {[%clk 0:07:19]} 28. Ke1 {[%clk 0:07:24]} h3 {[%clk 0:06:39]}
29. gxh3 {[%clk 0:07:15]} Bxh3 {[%clk 0:06:40]} 30. Qf2 {[%clk 0:07:24]} Bd7
{[%clk 0:05:32]} 31. h4 {[%clk 0:06:11]} Qh5 {[%clk 0:05:19]} 32. Qf4
{[%clk 0:05:55]} Kh7 {[%clk 0:03:31]} 33. b3 {[%clk 0:04:33]} b5 {[%clk 0:02:51]}
34. b4 {[%clk 0:04:35]} axb4 {[%clk 0:02:43]} 35. axb4 {[%clk 0:04:44]} Bc6
{[%clk 0:02:36]} 36. Kf2 {[%clk 0:04:45]} Qg6 {[%clk 0:02:21]} 37. Ne2
{[%clk 0:04:41]} Qe6 {[%clk 0:02:18]} 38. Qe5 {[%clk 0:03:01]} Qh3
{[%clk 0:01:38]} 39. Qg3 {[%clk 0:03:01]} Qxg3+ {[%clk 0:00:53]} 40. Kxg3
{[%clk 0:03:06]} Kg6 {[%clk 0:00:44]} 41. Kf4 {[%clk 0:03:01]} Kf6
{[%clk 0:00:48]} 42. Ng3 {[%clk 0:03:06]} g6 {[%clk 0:00:51]} 43. Ne2
{[%clk 0:03:05]} Be8 {[%clk 0:00:46]} 44. Kg4 {[%clk 0:02:41]} Bd7+
{[%clk 0:00:54]} 45. Kg3 {[%clk 0:02:50]} Kf5 {[%clk 0:00:55]} 46. Nf4
{[%clk 0:02:59]} Bc6 {[%clk 0:01:00]} 47. Nh3 {[%clk 0:02:39]} Bd7
{[%clk 0:00:58]} 48. Ng5 {[%clk 0:02:47]} Be8 {[%clk 0:01:02]} 49. Nh7
{[%clk 0:02:55]} Bd7 {[%clk 0:00:46]} 50. Ng5 {[%clk 0:03:01]} Be8
{[%clk 0:00:55]} 51. Nh3 {[%clk 0:03:09]} Bd7 {[%clk 0:01:01]} 52. Nf4
{[%clk 0:03:13]} Bc6 {[%clk 0:01:10]} 53. Kh3 {[%clk 0:03:21]} Bb7
{[%clk 0:00:38]} 54. Ne2 {[%clk 0:03:28]} Ba8 {[%clk 0:00:42]} 55. Ng3+
{[%clk 0:03:36]} Kf6 {[%clk 0:00:44]} 56. Kg4 {[%clk 0:03:44]} Bc6
{[%clk 0:00:50]} 57. Kf4 {[%clk 0:03:51]} Bd7 {[%clk 0:00:54]} 58. Nh1
{[%clk 0:03:55]} Be8 {[%clk 0:01:02]} 59. Nf2 {[%clk 0:04:03]} Bd7
{[%clk 0:00:44]} 60. Nh1 {[%clk 0:03:00]} Be8 {[%clk 0:00:50]} 61. Ng3
{[%clk 0:03:08]} Bd7 {[%clk 0:00:59]} 62. Ne2 {[%clk 0:03:16]} Be8
{[%clk 0:01:06]} 63. Nc3 {[%clk 0:03:09]} Bc6 {[%clk 0:01:15]} 64. Kg4
{[%clk 0:03:18]} Bd7+ {[%clk 0:01:24]} 65. Kg3 {[%clk 0:03:27]} Ke6
{[%clk 0:00:41]} 66. Kf4 {[%clk 0:03:34]} Bc6 {[%clk 0:00:50]} 67. Kg5 Kf7 68.
Ne2 {[%clk 0:03:50]} Bd7 {[%clk 0:00:31]} 69. Nf4 {[%clk 0:03:59]} Bc6
{[%clk 0:00:16]} 70. Nxg6 {[%clk 0:04:07]} Kg7 {[%clk 0:00:25]} 71. Nf4
{[%clk 0:04:09]} Bb7 {[%clk 0:00:31]} 72. Kf5 {[%clk 0:04:17]} Bc8+
{[%clk 0:00:14]} 73. Ke5 {[%clk 0:04:25]} 1-0

[Event "Russian Rapid Championship (w)"]
[Site "Sochi"]
[Date "2022.10.15"]
[Round "2.1"]
[White "Dimitrova, Aleksandra"]
[Black "Girya, Olga"]
[Result "0-1"]
[BlackElo "2298"]
[WhiteElo "2090"]
[LiveChessVersion "1.4.8"]

1. e4 {[%clk 0:15:19]} e5 {[%clk 0:15:19]} 2. Nf3 {[%clk 0:15:27]} Nc6
{[%clk 0:15:28]} 3. Bb5 {[%clk 0:15:36]} a6 {[%clk 0:15:37]} 4. Ba4
{[%clk 0:15:44]} Nf6 {[%clk 0:15:46]} 5. O-O {[%clk 0:15:50]} Nxe4
{[%clk 0:15:55]} 6. Re1 {[%clk 0:15:26]} Nc5 {[%clk 0:16:04]} 7. Bxc6
{[%clk 0:15:23]} dxc6 {[%clk 0:16:12]} 8. Nxe5 {[%clk 0:15:19]} Be7
{[%clk 0:16:16]} 9. d4 {[%clk 0:15:26]} Ne6 {[%clk 0:16:25]} 10. c3
{[%clk 0:15:30]} O-O {[%clk 0:16:29]} 11. Be3 {[%clk 0:15:21]} f6
{[%clk 0:16:16]} 12. Nd3 {[%clk 0:14:57]} Re8 {[%clk 0:16:23]} 13. Nd2
{[%clk 0:14:53]} Bf8 {[%clk 0:16:06]} 14. Qb3 {[%clk 0:11:09]} Kh8
{[%clk 0:15:57]} 15. a4 {[%clk 0:10:05]} a5 {[%clk 0:16:03]} 16. Rad1
{[%clk 0:08:18]} b6 {[%clk 0:15:13]} 17. f4 {[%clk 0:08:14]} Bd6 {[%clk 0:13:36]}
18. Ne4 {[%clk 0:07:18]} Nf8 {[%clk 0:13:35]} 19. Nxd6 {[%clk 0:05:45]} Qxd6
{[%clk 0:13:43]} 20. c4 {[%clk 0:05:45]} Bf5 {[%clk 0:13:00]} 21. c5
{[%clk 0:05:02]} Qd5 {[%clk 0:12:58]} 22. Qxd5 {[%clk 0:04:50]} cxd5
{[%clk 0:13:07]} 23. h3 {[%clk 0:03:50]} h5 {[%clk 0:09:58]} 24. Nf2
{[%clk 0:03:00]} Bc2 {[%clk 0:08:51]} 25. Ra1 {[%clk 0:03:09]} bxc5
{[%clk 0:08:25]} 26. dxc5 {[%clk 0:02:05]} c6 {[%clk 0:08:35]} 27. Bd2
{[%clk 0:01:31]} Rxe1+ {[%clk 0:08:29]} 28. Rxe1 {[%clk 0:01:39]} Bxa4
{[%clk 0:07:33]} 29. Re7 {[%clk 0:01:07]} h4 {[%clk 0:05:24]} 30. Ng4
{[%clk 0:00:41]} Ng6 {[%clk 0:03:41]} 31. Re6 {[%clk 0:00:50]} Kg8
{[%clk 0:03:17]} 32. f5 {[%clk 0:00:49]} Kf7 {[%clk 0:03:17]} 33. Re3
{[%clk 0:00:32]} Ne7 {[%clk 0:03:20]} 34. Ra3 {[%clk 0:00:40]} Bc2
{[%clk 0:03:15]} 35. Ne3 {[%clk 0:00:32]} Bxf5 {[%clk 0:03:23]} 36. Bxa5
{[%clk 0:00:36]} Be4 {[%clk 0:02:02]} 37. Kf2 {[%clk 0:00:24]} Ke6
{[%clk 0:01:57]} 38. Bc3 {[%clk 0:00:24]} Rb8 {[%clk 0:00:57]} 39. b4
{[%clk 0:00:22]} d4 {[%clk 0:00:47]} 40. Bxd4 {[%clk 0:00:30]} Rxb4
{[%clk 0:00:57]} 41. Bc3 {[%clk 0:00:34]} Rb5 {[%clk 0:01:06]} 42. Ra7
{[%clk 0:00:37]} g5 {[%clk 0:01:05]} 43. Ng4 {[%clk 0:00:38]} Nd5
{[%clk 0:01:08]} 44. Bd4 {[%clk 0:00:29]} Rb4 {[%clk 0:01:17]} 45. Ba1
{[%clk 0:00:31]} Rc4 {[%clk 0:01:19]} 46. Ra8 {[%clk 0:00:20]} Rc2+
{[%clk 0:01:27]} 47. Kg1 {[%clk 0:00:18]} Rxg2+ {[%clk 0:01:32]} 48. Kf1
{[%clk 0:00:26]} Rc2 {[%clk 0:01:30]} 49. Re8+ {[%clk 0:00:31]} Kf7
{[%clk 0:01:28]} 50. Rxe4 {[%clk 0:00:30]} Rc1+ {[%clk 0:01:37]} 51. Re1
{[%clk 0:00:38]} Rxc5 {[%clk 0:01:43]} 52. Bd4 {[%clk 0:00:42]} Rc4
{[%clk 0:01:46]} 53. Bb2 {[%clk 0:00:45]} Rf4+ {[%clk 0:01:13]} 54. Kg1
{[%clk 0:00:30]} Rb4 {[%clk 0:01:22]} 55. Ba1 {[%clk 0:00:20]} Rb3
{[%clk 0:01:22]} 56. Nxf6 {[%clk 0:00:13]} Rg3+ {[%clk 0:00:45]} 57. Kh2
{[%clk 0:00:19]} Nf4 {[%clk 0:00:48]} 58. Ne4 {[%clk 0:00:23]} Rxh3+
{[%clk 0:00:56]} 59. Kg1 {[%clk 0:00:31]} Kg6 {[%clk 0:01:01]} 60. Nf2
{[%clk 0:00:26]} Rg3+ {[%clk 0:01:03]} 61. Kh1 {[%clk 0:00:31]} Rf3
{[%clk 0:00:49]} 62. Ne4 {[%clk 0:00:28]} g4 {[%clk 0:00:47]} 63. Rc1
{[%clk 0:00:28]} Rh3+ {[%clk 0:00:55]} 64. Kg1 {[%clk 0:00:34]} Ne2+
{[%clk 0:01:04]} 0-1

[Event "Russian Rapid Championship (w)"]
[Site "Sochi"]
[Date "2022.10.15"]
[Round "2.2"]
[White "Voit, Daria"]
[Black "Gvanceladze, Anna"]
[Result "1-0"]
[BlackElo "2093"]
[WhiteElo "2297"]
[LiveChessVersion "1.4.8"]

1. d4 {[%clk 0:13:34]} d5 {[%clk 0:15:18]} 2. c4 {[%clk 0:13:43]} c6
{[%clk 0:15:26]} 3. Nf3 {[%clk 0:13:51]} Nf6 {[%clk 0:15:34]} 4. e3
{[%clk 0:13:59]} Bf5 {[%clk 0:15:41]} 5. Nc3 {[%clk 0:14:06]} e6 {[%clk 0:15:48]}
6. Nh4 {[%clk 0:14:14]} Be4 {[%clk 0:15:55]} 7. f3 {[%clk 0:14:21]} Bg6
{[%clk 0:16:03]} 8. Qb3 {[%clk 0:14:29]} Qc7 {[%clk 0:16:08]} 9. Bd2
{[%clk 0:14:32]} Be7 {[%clk 0:15:35]} 10. Nxg6 {[%clk 0:14:37]} hxg6
{[%clk 0:15:42]} 11. O-O-O {[%clk 0:14:44]} Nbd7 {[%clk 0:15:36]} 12. cxd5
{[%clk 0:14:43]} cxd5 {[%clk 0:14:54]} 13. Kb1 {[%clk 0:14:46]} a6
{[%clk 0:13:55]} 14. Rc1 {[%clk 0:13:44]} Qb6 {[%clk 0:13:22]} 15. Qa4
{[%clk 0:13:20]} Qa7 {[%clk 0:12:27]} 16. Bd3 {[%clk 0:12:00]} O-O
{[%clk 0:11:31]} 17. g4 {[%clk 0:11:48]} b5 {[%clk 0:11:30]} 18. Qd1
{[%clk 0:11:31]} Nb6 {[%clk 0:10:45]} 19. h4 {[%clk 0:11:26]} Nc4
{[%clk 0:10:11]} 20. Ne2 {[%clk 0:09:51]} Rfc8 {[%clk 0:09:09]} 21. Nf4
{[%clk 0:06:43]} Bd6 {[%clk 0:05:51]} 22. Bxc4 {[%clk 0:05:34]} dxc4
{[%clk 0:04:58]} 23. g5 {[%clk 0:05:35]} Nh5 {[%clk 0:02:54]} 24. Nxh5
{[%clk 0:05:32]} gxh5 {[%clk 0:03:03]} 25. g6 {[%clk 0:05:38]} fxg6
{[%clk 0:03:12]} 26. Rg1 {[%clk 0:05:35]} Qf7 {[%clk 0:03:10]} 27. Qc2
{[%clk 0:05:42]} Be7 {[%clk 0:00:52]} 28. Rxg6 {[%clk 0:04:54]} Bf6
{[%clk 0:00:38]} 29. Rcg1 {[%clk 0:04:42]} a5 {[%clk 0:00:24]} 30. e4
{[%clk 0:03:57]} Bxd4 {[%clk 0:00:29]} 31. Bc3 {[%clk 0:04:00]} e5
{[%clk 0:00:16]} 32. Rxg7+ {[%clk 0:03:42]} Qxg7 {[%clk 0:00:26]} 33. Rxg7+
{[%clk 0:03:50]} Kxg7 {[%clk 0:00:35]} 34. Qg2+ {[%clk 0:03:56]} Kf7
{[%clk 0:00:35]} 35. Qg5 {[%clk 0:04:04]} Bxc3 {[%clk 0:00:18]} 36. bxc3
{[%clk 0:04:04]} Rg8 {[%clk 0:00:16]} 37. Qf5+ {[%clk 0:03:47]} Ke7
{[%clk 0:00:19]} 38. Qxe5+ {[%clk 0:03:55]} Kd7 {[%clk 0:00:16]} 39. Qxb5+
{[%clk 0:04:02]} Ke7 {[%clk 0:00:26]} 40. Qc5+ {[%clk 0:03:51]} Kd7
{[%clk 0:00:29]} 41. Kb2 {[%clk 0:03:44]} Rab8+ {[%clk 0:00:30]} 42. Ka3
{[%clk 0:03:52]} Rg2 {[%clk 0:00:23]} 43. Qd5+ {[%clk 0:03:47]} Kc7
{[%clk 0:00:22]} 44. Qxc4+ {[%clk 0:03:55]} Kd7 {[%clk 0:00:27]} 45. Qd5+
{[%clk 0:03:46]} Kc7 {[%clk 0:00:25]} 46. e5 {[%clk 0:03:47]} Rbb2
{[%clk 0:00:22]} 47. e6 {[%clk 0:03:30]} Rbd2 {[%clk 0:00:28]} 48. Qc5+
{[%clk 0:03:29]} Kd8 {[%clk 0:00:34]} 49. Qf8+ {[%clk 0:03:05]} Kc7
{[%clk 0:00:43]} 50. e7 {[%clk 0:03:08]} Rxa2+ {[%clk 0:00:46]} 51. Kb3
{[%clk 0:03:17]} 1-0

[Event "Russian Rapid Championship (w)"]
[Site "Sochi"]
[Date "2022.10.15"]
[Round "2.3"]
[White "Nazarova, Anastasia"]
[Black "Bodnaruk, Anastasia"]
[Result "0-1"]
[BlackElo "2278"]
[WhiteElo "2089"]
[LiveChessVersion "1.4.8"]

1. e4 {[%clk 0:15:19]} c5 {[%clk 0:15:19]} 2. Nf3 {[%clk 0:15:27]} d6
{[%clk 0:15:27]} 3. d4 {[%clk 0:15:35]} cxd4 {[%clk 0:15:36]} 4. Nxd4
{[%clk 0:15:43]} Nf6 {[%clk 0:15:45]} 5. Nc3 {[%clk 0:15:52]} a6 {[%clk 0:15:54]}
6. Nb3 {[%clk 0:16:00]} e6 {[%clk 0:14:56]} 7. g4 {[%clk 0:16:00]} Be7
{[%clk 0:14:43]} 8. g5 {[%clk 0:14:42]} Nfd7 {[%clk 0:14:51]} 9. h4
{[%clk 0:14:51]} b5 {[%clk 0:14:29]} 10. a3 {[%clk 0:14:37]} Bb7 {[%clk 0:14:32]}
11. Be3 {[%clk 0:14:43]} Nc6 {[%clk 0:14:30]} 12. Qd2 {[%clk 0:14:34]} Nde5
{[%clk 0:12:44]} 13. Be2 {[%clk 0:14:34]} Nc4 {[%clk 0:12:07]} 14. Bxc4
{[%clk 0:14:40]} bxc4 {[%clk 0:12:16]} 15. Nd4 {[%clk 0:14:39]} O-O
{[%clk 0:10:18]} 16. O-O-O {[%clk 0:14:03]} Nxd4 {[%clk 0:09:34]} 17. Bxd4
{[%clk 0:13:59]} e5 {[%clk 0:09:01]} 18. Be3 {[%clk 0:14:02]} Rb8
{[%clk 0:08:28]} 19. h5 {[%clk 0:12:19]} Bc6 {[%clk 0:07:53]} 20. g6
{[%clk 0:09:28]} Qc7 {[%clk 0:07:35]} 21. h6 {[%clk 0:06:56]} fxg6
{[%clk 0:07:41]} 22. hxg7 {[%clk 0:07:05]} Rf7 {[%clk 0:07:35]} 23. Nd5
{[%clk 0:02:27]} Qb7 {[%clk 0:06:12]} 24. Qc3 {[%clk 0:02:27]} Bxd5
{[%clk 0:05:31]} 25. Rxd5 {[%clk 0:01:26]} Rxg7 {[%clk 0:04:54]} 26. f4
{[%clk 0:01:04]} exf4 {[%clk 0:04:50]} 27. Bxf4 {[%clk 0:01:08]} Rf7
{[%clk 0:03:57]} 28. Be3 {[%clk 0:01:17]} Rf3 {[%clk 0:02:37]} 29. Kd2
{[%clk 0:00:27]} Qc6 {[%clk 0:01:35]} 30. Ke2 {[%clk 0:00:22]} Rf7
{[%clk 0:00:49]} 31. Bd4 {[%clk 0:00:23]} Rb5 {[%clk 0:00:46]} 32. Rxb5
{[%clk 0:00:19]} Qxe4+ {[%clk 0:00:47]} 33. Kd2 {[%clk 0:00:15]} Qg2+
{[%clk 0:00:51]} 34. Ke3 {[%clk 0:00:13]} Rf3+ {[%clk 0:01:00]} 0-1

[Event "Russian Rapid Championship (w)"]
[Site "Sochi"]
[Date "2022.10.15"]
[Round "2.4"]
[White "Fominykh, Maria"]
[Black "Guseva, Marina"]
[Result "1/2-1/2"]
[BlackElo "2273"]
[WhiteElo "2086"]
[LiveChessVersion "1.4.8"]

1. d4 {[%clk 0:15:20]} Nf6 {[%clk 0:15:17]} 2. c4 {[%clk 0:15:28]} e6
{[%clk 0:15:26]} 3. g3 {[%clk 0:15:30]} d5 {[%clk 0:15:29]} 4. Nf3
{[%clk 0:15:38]} Be7 {[%clk 0:15:37]} 5. Bg2 {[%clk 0:15:46]} O-O
{[%clk 0:15:45]} 6. O-O {[%clk 0:15:47]} dxc4 {[%clk 0:15:53]} 7. Qa4
{[%clk 0:15:14]} a6 {[%clk 0:15:57]} 8. Qxc4 {[%clk 0:15:22]} b5 {[%clk 0:16:05]}
9. Qd3 {[%clk 0:15:21]} Bb7 {[%clk 0:14:26]} 10. a4 {[%clk 0:15:25]} bxa4
{[%clk 0:12:57]} 11. Nc3 {[%clk 0:15:29]} c5 {[%clk 0:12:12]} 12. Rxa4
{[%clk 0:14:36]} Nbd7 {[%clk 0:10:16]} 13. Rd1 {[%clk 0:12:49]} Nb6
{[%clk 0:09:02]} 14. Ra1 {[%clk 0:12:41]} c4 {[%clk 0:08:59]} 15. Qb1
{[%clk 0:12:25]} Bb4 {[%clk 0:08:36]} 16. Bg5 {[%clk 0:09:49]} Qc7
{[%clk 0:08:36]} 17. Bxf6 {[%clk 0:08:24]} gxf6 {[%clk 0:08:45]} 18. Qc1
{[%clk 0:06:46]} Kg7 {[%clk 0:07:35]} 19. Nh4 {[%clk 0:06:25]} Rfd8
{[%clk 0:06:17]} 20. Bxb7 {[%clk 0:05:47]} Qxb7 {[%clk 0:06:25]} 21. Qf4
{[%clk 0:03:22]} Nd5 {[%clk 0:05:10]} 22. Qg4+ {[%clk 0:02:17]} Kh8
{[%clk 0:05:19]} 23. Qf3 {[%clk 0:01:25]} f5 {[%clk 0:03:13]} 24. e4
{[%clk 0:01:34]} Bxc3 {[%clk 0:02:10]} 25. bxc3 {[%clk 0:01:19]} Nf6
{[%clk 0:01:58]} 26. exf5 {[%clk 0:01:21]} Qxf3 {[%clk 0:02:03]} 27. Nxf3
{[%clk 0:01:30]} exf5 {[%clk 0:01:59]} 28. Ne5 {[%clk 0:01:38]} Kg7
{[%clk 0:02:06]} 29. Nxc4 {[%clk 0:01:36]} Rac8 {[%clk 0:02:13]} 30. Ne3
{[%clk 0:01:39]} Rxc3 {[%clk 0:01:08]} 31. Nxf5+ {[%clk 0:01:45]} Kg6
{[%clk 0:01:05]} 32. Ne7+ {[%clk 0:01:34]} Kg7 {[%clk 0:01:06]} 33. Rxa6
{[%clk 0:01:39]} Nd5 {[%clk 0:00:47]} 34. Nf5+ {[%clk 0:01:43]} Kf8
{[%clk 0:00:47]} 35. Re1 {[%clk 0:01:29]} Rf3 {[%clk 0:00:52]} 36. Nh6
{[%clk 0:00:40]} Nb4 {[%clk 0:00:56]} 37. Rb6 {[%clk 0:00:36]} Nc2
{[%clk 0:00:58]} 38. Re4 {[%clk 0:00:28]} Rxd4 {[%clk 0:00:40]} 39. Rxd4
{[%clk 0:00:29]} Nxd4 {[%clk 0:00:49]} 40. Kg2 {[%clk 0:00:33]} Rc3
{[%clk 0:00:49]} 41. Rd6 {[%clk 0:00:34]} Ne6 {[%clk 0:00:53]} 42. Rd7
{[%clk 0:00:34]} Rc7 {[%clk 0:01:01]} 43. Rxc7 {[%clk 0:00:39]} Nxc7
{[%clk 0:01:10]} 44. Nf5 {[%clk 0:00:45]} f6 {[%clk 0:01:17]} 45. Kf3
{[%clk 0:00:54]} Kf7 {[%clk 0:01:26]} 46. Ke4 {[%clk 0:01:00]} Ne6
{[%clk 0:01:32]} 47. h4 {[%clk 0:01:08]} Nc5+ {[%clk 0:01:38]} 48. Kd5
{[%clk 0:01:09]} Nd3 {[%clk 0:01:46]} 49. f3 {[%clk 0:01:16]} h5 {[%clk 0:01:34]}
50. Ke4 {[%clk 0:00:59]} Nc5+ {[%clk 0:01:39]} 51. Kd4 {[%clk 0:00:58]} Nb3+
{[%clk 0:01:46]} 52. Ke3 {[%clk 0:01:01]} Kg6 {[%clk 0:01:49]} 53. Nd4
{[%clk 0:00:59]} Nc5 {[%clk 0:01:58]} 54. g4 {[%clk 0:00:55]} hxg4
{[%clk 0:01:07]} 55. fxg4 {[%clk 0:01:05]} Nb7 {[%clk 0:00:51]} 56. Kf4
{[%clk 0:01:00]} Nd6 {[%clk 0:00:52]} 57. Nf5 {[%clk 0:00:55]} Nc4
{[%clk 0:00:49]} 58. h5+ {[%clk 0:00:42]} Kf7 {[%clk 0:00:44]} 59. Ne3
{[%clk 0:00:45]} Nd6 {[%clk 0:00:37]} 60. Nf5 {[%clk 0:00:38]} Nc4
{[%clk 0:00:45]} 61. Ng3 {[%clk 0:00:38]} Nd6 {[%clk 0:00:44]} 62. Ne4
{[%clk 0:00:38]} Nc4 {[%clk 0:00:49]} 63. Nc5 {[%clk 0:00:41]} Nd6
{[%clk 0:00:53]} 64. Nd3 {[%clk 0:00:37]} Nc4 {[%clk 0:01:01]} 65. Nf2
{[%clk 0:00:43]} Nd6 {[%clk 0:01:08]} 66. Nd1 {[%clk 0:00:42]} Nc4
{[%clk 0:01:14]} 67. Ke4 {[%clk 0:00:44]} Nd2+ {[%clk 0:01:11]} 68. Kf5
{[%clk 0:00:49]} Nc4 {[%clk 0:01:20]} 69. Nc3 {[%clk 0:00:51]} Nd6+
{[%clk 0:01:23]} 70. Kf4 {[%clk 0:01:00]} Nc4 {[%clk 0:01:02]} 71. Ne4
{[%clk 0:00:56]} Kg7 {[%clk 0:00:58]} 72. Ng3 {[%clk 0:00:37]} Kf7
{[%clk 0:01:06]} 73. Nf5 {[%clk 0:00:34]} Kg8 {[%clk 0:00:41]} 74. Ke4
{[%clk 0:00:33]} Kf7 {[%clk 0:00:47]} 75. Kd5 {[%clk 0:00:27]} Nb6+
{[%clk 0:00:51]} 76. Kd4 {[%clk 0:00:26]} Nd7 {[%clk 0:00:51]} 77. Ke4
{[%clk 0:00:33]} Nc5+ {[%clk 0:00:56]} 78. Kd5 {[%clk 0:00:38]} Nd3
{[%clk 0:00:53]} 79. Ne3 {[%clk 0:00:36]} Nf4+ {[%clk 0:00:46]} 80. Ke4
{[%clk 0:00:27]} Ne6 {[%clk 0:00:36]} 81. Nd5 {[%clk 0:00:35]} Kg7
{[%clk 0:00:34]} 82. Nf4 {[%clk 0:00:28]} Nc7 {[%clk 0:00:20]} 83. Kf5
{[%clk 0:00:34]} Nb5 {[%clk 0:00:19]} 84. Ke6 {[%clk 0:00:25]} Nd4+
{[%clk 0:00:12]} 85. Kd5 {[%clk 0:00:23]} Nf3 {[%clk 0:00:19]} 86. Ke4
{[%clk 0:00:23]} Nd2+ {[%clk 0:00:12]} 87. Kf5 {[%clk 0:00:31]} Nc4
{[%clk 0:00:20]} 88. Nd5 {[%clk 0:00:35]} Nd6+ {[%clk 0:00:25]} 89. Ke6
{[%clk 0:00:44]} Ne4 {[%clk 0:00:34]} 90. Ne3 {[%clk 0:00:42]} Nc5+
{[%clk 0:00:20]} 91. Ke7 {[%clk 0:00:51]} Ne4 {[%clk 0:00:26]} 92. Nf5+
{[%clk 0:00:57]} Kh7 {[%clk 0:00:35]} 93. Kf7 {[%clk 0:00:51]} Nf2
{[%clk 0:00:44]} 94. Ne3 {[%clk 0:00:46]} Kh6 {[%clk 0:00:52]} 95. Kxf6
{[%clk 0:00:36]} Nxg4+ {[%clk 0:01:01]} 1/2-1/2

[Event "Russian Rapid Championship (w)"]
[Site "Sochi"]
[Date "2022.10.15"]
[Round "2.5"]
[White "Bivol, Alina"]
[Black "Smirnova, Ekaterina"]
[Result "0-1"]
[BlackElo "2088"]
[WhiteElo "2264"]
[LiveChessVersion "1.4.8"]

1. e4 {[%clk 0:15:18]} e6 {[%clk 0:15:17]} 2. d4 {[%clk 0:15:12]} d5
{[%clk 0:15:25]} 3. Bd3 {[%clk 0:15:20]} c5 {[%clk 0:14:50]} 4. exd5
{[%clk 0:15:28]} exd5 {[%clk 0:14:30]} 5. Nf3 {[%clk 0:15:36]} c4
{[%clk 0:14:35]} 6. Be2 {[%clk 0:15:45]} Nf6 {[%clk 0:14:40]} 7. O-O
{[%clk 0:15:44]} Bd6 {[%clk 0:14:06]} 8. b3 {[%clk 0:15:52]} cxb3
{[%clk 0:14:13]} 9. axb3 {[%clk 0:16:01]} O-O {[%clk 0:14:20]} 10. c4
{[%clk 0:16:10]} Nc6 {[%clk 0:14:20]} 11. Nc3 {[%clk 0:16:10]} Bb4
{[%clk 0:14:05]} 12. Na2 {[%clk 0:15:35]} Be7 {[%clk 0:14:06]} 13. Nc3
{[%clk 0:13:32]} Bb4 {[%clk 0:14:10]} 14. Bb2 {[%clk 0:13:36]} Bg4
{[%clk 0:13:55]} 15. c5 {[%clk 0:13:32]} Re8 {[%clk 0:13:30]} 16. h3
{[%clk 0:11:24]} Bh5 {[%clk 0:12:54]} 17. Ra4 {[%clk 0:09:56]} Ne4
{[%clk 0:10:34]} 18. Na2 {[%clk 0:08:45]} a5 {[%clk 0:10:01]} 19. Nxb4
{[%clk 0:08:15]} Nxb4 {[%clk 0:09:36]} 20. g4 {[%clk 0:06:58]} Bg6
{[%clk 0:09:37]} 21. Kg2 {[%clk 0:05:49]} Ng5 {[%clk 0:09:10]} 22. Ne1
{[%clk 0:04:40]} f5 {[%clk 0:07:12]} 23. Bb5 {[%clk 0:03:32]} Re7
{[%clk 0:06:38]} 24. Qc1 {[%clk 0:02:23]} Ne6 {[%clk 0:05:42]} 25. Bc3
{[%clk 0:01:46]} fxg4 {[%clk 0:04:35]} 26. hxg4 {[%clk 0:01:54]} Rf7
{[%clk 0:04:40]} 27. f4 {[%clk 0:00:54]} Qh4 {[%clk 0:04:12]} 28. Qe3
{[%clk 0:00:26]} Be4+ {[%clk 0:03:56]} 29. Nf3 {[%clk 0:00:16]} Nxf4+
{[%clk 0:03:44]} 30. Kg1 {[%clk 0:00:21]} Qg3+ {[%clk 0:03:44]} 0-1

[Event "Russian Rapid Championship (w)"]
[Site "Sochi"]
[Date "2022.10.15"]
[Round "2.6"]
[White "Getman, Tatyana"]
[Black "Kovalevskaya, Ekaterina"]
[Result "0-1"]
[BlackElo "2257"]
[WhiteElo "2073"]
[LiveChessVersion "1.4.8"]

1. d4 {[%clk 0:15:19]} Nf6 {[%clk 0:15:18]} 2. c4 {[%clk 0:15:27]} d6
{[%clk 0:15:26]} 3. Nf3 {[%clk 0:15:34]} Nbd7 {[%clk 0:15:35]} 4. Nc3
{[%clk 0:15:41]} e5 {[%clk 0:15:44]} 5. e4 {[%clk 0:15:46]} g6 {[%clk 0:15:48]}
6. d5 {[%clk 0:15:21]} Nc5 {[%clk 0:15:42]} 7. Qc2 {[%clk 0:15:23]} a5
{[%clk 0:15:51]} 8. Be3 {[%clk 0:14:18]} b6 {[%clk 0:16:00]} 9. h3
{[%clk 0:14:12]} Bg7 {[%clk 0:16:08]} 10. g4 {[%clk 0:14:06]} h5 {[%clk 0:12:15]}
11. g5 {[%clk 0:13:53]} Ng8 {[%clk 0:12:08]} 12. Be2 {[%clk 0:13:40]} Bd7
{[%clk 0:12:03]} 13. O-O-O {[%clk 0:13:08]} a4 {[%clk 0:11:30]} 14. Nh4
{[%clk 0:11:17]} Ne7 {[%clk 0:10:29]} 15. f4 {[%clk 0:10:44]} exf4
{[%clk 0:09:22]} 16. Bd4 {[%clk 0:10:53]} Bxd4 {[%clk 0:04:50]} 17. Rxd4
{[%clk 0:11:01]} O-O {[%clk 0:04:58]} 18. Qd1 {[%clk 0:06:42]} a3
{[%clk 0:04:34]} 19. b3 {[%clk 0:06:31]} c6 {[%clk 0:04:33]} 20. dxc6
{[%clk 0:05:21]} Nxc6 {[%clk 0:04:38]} 21. Rxd6 {[%clk 0:05:20]} Qxg5
{[%clk 0:03:26]} 22. Nf3 {[%clk 0:03:39]} Qe7 {[%clk 0:03:27]} 23. Qd5
{[%clk 0:02:42]} Kg7 {[%clk 0:01:43]} 24. Rg1 {[%clk 0:01:09]} Be6
{[%clk 0:01:23]} 25. Qxc6 {[%clk 0:01:01]} Rfc8 {[%clk 0:01:32]} 26. Nd5
{[%clk 0:00:19]} Rxc6 {[%clk 0:01:33]} 27. Nxe7 {[%clk 0:00:24]} Rxd6
{[%clk 0:01:42]} 28. Nh4 {[%clk 0:00:13]} Kf8 {[%clk 0:01:07]} 29. e5
{[%clk 0:00:14]} Nd3+ {[%clk 0:01:02]} 30. Bxd3 {[%clk 0:00:17]} Rxd3
{[%clk 0:01:11]} 31. Nexg6+ {[%clk 0:00:23]} fxg6 {[%clk 0:01:14]} 32. Nxg6+
{[%clk 0:00:32]} Kf7 {[%clk 0:01:13]} 33. Nxf4 {[%clk 0:00:35]} Rf3
{[%clk 0:01:20]} 34. Nd5 {[%clk 0:00:18]} Bxd5 {[%clk 0:01:09]} 35. cxd5
{[%clk 0:00:28]} Rc8+ {[%clk 0:01:18]} 36. Kd2 {[%clk 0:00:31]} Rc5
{[%clk 0:00:59]} 37. Ke2 {[%clk 0:00:13]} Rf5 {[%clk 0:01:01]} 38. e6+
{[%clk 0:00:15]} Kf6 {[%clk 0:01:06]} 39. e7 {[%clk 0:00:17]} Kxe7
{[%clk 0:01:13]} 40. Rg6 {[%clk 0:00:25]} Rfxd5 {[%clk 0:01:19]} 41. Rxb6
{[%clk 0:00:33]} Rc2+ {[%clk 0:01:27]} 42. Ke3 {[%clk 0:00:42]} Rxa2
{[%clk 0:01:35]} 0-1